Front-Words to Back-Words Quiz Stats

 Plays Quiz Updated Jun 10, 2014

Support Sporcle.
Go Orange.
Score 0/20 Timer 04:00
4 Plays Today
% Correct
Ox
96.5%
An
96%
Ball
95.3%
Dol
93.3%
But
91.9%
Sob
91.5%
Cy
91.5%
Forb
91.3%
Trus
90.3%
Mol
89.5%
% Correct
Ya
89%
Ze
88.7%
Em
88.6%
Frank
88.4%
Pant
88.4%
Gho
84.1%
Tro
82.3%
Bal
80.3%
Oc
77.2%
Bell
71.7%

From the Vault

Old or New Testament Figures

by awesomeness365

Religion 90s
Isn't the New Testament actually pretty old as well?
Remove Ads.
Support Sporcle.
Get the best of Sporcle when you Go Orange. This ad-free experience offers more features, more stats, and more fun while also helping to support Sporcle. Thank you for becoming a member.

Show Comments

Extras

Top Quizzes Today


Score Distribution

Your Account Isn't Verified!

In order to create a playlist on Sporcle, you need to verify the email address you used during registration. Go to your Sporcle Settings to finish the process.

Report this User

Report this user for behavior that violates our Community Guidelines.

Details: